• 首页
  • 本馆介绍
  • 公告通知
  • 最新文献
  • 馆藏检索
  • 电子资源
  • 读者导购
  • 参考咨询
  • 我的图书馆
  • 登录
  • 详细信息显示
  • 放入我的书架
  • 预约/预借图书
  • 作者相关作品
  • 分类相关作品
  • 丛书相关作品
  • 出版社相关作品

书目信息

  • 表格格式
  • 工作单格式
  • 卡片格式
题名:
Access 2010数据库应用案例教程
    
 
作者: 胡绿慧 , 肖丽 , 何振林 主编
分册:  
出版信息: 上海   上海交通大学出版社  2018
页数: 253页
开本: 26cm
丛书名:
单 册:
中图分类: TP311.138AC , TP311.138
科图分类:
主题词: 关系数据库系统--高等学校--教材
电子资源:
ISBN: 978-7-313-18914-1
000 00939nam0 2200277 450
001 1021
005 20180927100707.43
010    @a978-7-313-18914-1@dCNY45.00
100    @a20180714d2018 em y0chiy50 ea
101 0  @achi
102    @aCN@b310000
105    @ay z 000yy
200 1  @aAccess 2010数据库应用案例教程@9Access 2010 shu ju ku ying yong an li jiao cheng@f胡绿慧,肖丽,何振林主编
210    @a上海@c上海交通大学出版社@d2018
215    @a253页@d26cm
300    @a普通高等院校创新型规划教材
330    @a本书共七章,内容包括:数据库基础与Access 2010、表设计、查询设计、窗体设计、报表设计、宏设计、VBA与模块设计。
606 0  @a关系数据库系统@x高等学校@j教材
610 0  @aAccess
690    @aTP311.138AC@v5
690    @aTP311.138@v4
701  0 @a胡绿慧@9hu lü hui@4主编
701  0 @a肖丽@9xiao li@4主编
701  0 @a何振林@9he zhen lin@4主编
801  0 @aCN@b91MARC@c20180714
905    @aMuseLib@dTP311.138@e1261
    
    Access 2010数据库应用案例教程/胡绿慧,肖丽,何振林主编.-上海:上海交通大学出版社,2018
    253页;26cm
    普通高等院校创新型规划教材
    
    ISBN 978-7-313-18914-1:CNY45.00
    本书共七章,内容包括:数据库基础与Access 2010、表设计、查询设计、窗体设计、报表设计、宏设计、VBA与模块设计。
●
相关链接 在E读中查询图书 在五车中查询图书 在当当中查询图书 在豆瓣中查询图书


正题名:Access 2010数据库应用案例教程     索取号:TP311.138/1261         预约/预借

序号 登录号 条形码 馆藏地/架位号 状态 备注
1 1120789   211207898   第二样本阅览室/ [索取号:TP311.138/1261] 在馆    
2 1120790   211207905   第三借阅区/ [索取号:TP311.138/1261] 在馆    
3 1120791   211207914   第三借阅区/ [索取号:TP311.138/1261] 在馆    
4 1120792   211207923   第三借阅区/ [索取号:TP311.138/1261] 在馆    
5 1120793   211207932   第三借阅区/ [索取号:TP311.138/1261] 在馆    
欢迎您!
大连网信软件有限公司© 版权所有